| 000 | 00693nam a22002177a 4500 | ||
|---|---|---|---|
| 999 |
_c9031 _d9031 |
||
| 003 | AR-CdUCM | ||
| 008 | 190327b ||||| |||| 00| 0 spa d | ||
| 020 | _a978-84-683-0733-6 | ||
| 040 |
_aMUNICIPALIDAD PROVINCIAL DEL CUSCO _cBIBLIOTECA MUNICIPAL DEL CUSCO |
||
| 082 |
_aEP / 803 / S21 _bS21 |
||
| 100 |
_aSánchez, Gloria _924984 |
||
| 245 |
_aJuan Alquitrán : _bcuentos de niños para padres fumadores / |
||
| 260 |
_aBarcelona : _bEdebé, _c2012. |
||
| 300 |
_a34 páginas / _bilustraciones a color, _c25 cm. |
||
| 650 |
_aCuentos _951587 |
||
| 650 |
_aLibros infantiles _924633 |
||
| 650 |
_aSiglo XX _98 |
||
| 700 |
_aUrberuaga, Emilio _924985 |
||
| 942 |
_2ddc _cLIBROS |
||
| 945 | _araen | ||